000 00566nam a2200229Ia 4500
003 OSt
005 20221005121723.0
006 a|||||r|||| 00| 0
007 ta
008 221004b |||||||| |||| 00| 0 tel d
024 _a39810
037 _cTextual
040 _aCRL
_cCRL
_btel
041 _2tel
_atel
082 _aY:911.216, 35P1
100 _aRao Balagandhara
_9631024
245 0 _aIantiperlu
300 _a145p.
_ccm.
650 _aSOCIOLOGY
942 _hY:911.216, 35P1
_cTEXL
_2cc
999 _c1042052
_d1042052